000 00311nam a22001217a 4500
005 20230721164121.0
008 230721b ||||| |||| 00| 0 eng d
040 _cAL
041 _aeng
245 _aStudy on community perception and response to the problem of alcoholism
260 _c2003
942 _2ddc
_cBK
999 _c228059
_d228059